A collection of the wise and witty sayings of the kings, consuls, generals, philosophers and orators of antiquity /

Bibliographic Details
Main Author: Erasmus, Desiderius, -1536
Other Authors: Lewis, John (Translator)
Format: eBook
Language:English
Series:Early American imprints. Evans (1639-1800) ; no. 18459.
Early American imprints. Evans (1639-1800) ; no. 22487.
Subjects:
Online Access:Evans Digital Edition
Evans Digital Edition

MARC

Tag First Indicator Second Indicator Subfields
LEADER 00000cam a2200000 a 4500
001 in00002158421
006 m e d #
007 cr mn mmmmabba
008 811110s1784 ctu s 000 0 eng d
005 20260331152135.8
035 |z w010744 
035 |a MAAR8111102601B 
035 |9 mwa91-6065 
035 |a 336446 
035 |a aas03010744 
040 |a MWA  |c MWA  |e bdrb  |d UtOrBLW 
041 1 |a eng  |h lat 
100 1 |a Erasmus, Desiderius,  |d -1536. 
245 1 2 |a A collection of the wise and witty sayings of the kings, consuls, generals, philosophers and orators of antiquity /  |c translated from the Latin collection of Desiderius Erasmus. ; [Two lines in Latin from Plin. Major]. 
264 3 |a Hartford :  |b Printed by Hudson and Goodwin,  |c [1784] 
300 |a 52 pages ;  |c 16 cm. (duodecimo) 
336 |a text  |b txt  |2 rdacontent 
337 |a computer  |b c  |2 rdamedia 
338 |a online resource  |b cr  |2 rdacarrier 
500 |a Dated [1784] by Evans, who notes that the state copyright was issued to the translator, John Lewis, Nov. 17 of that year. Dated [1790] by Bates; Evans records a nearly identical title (Evans 22487) for that year, but locates no copy. 
500 |a Errata statement, page 52. 
510 4 |a Evans  |c 18459 
510 4 |a Evans  |c 22487 
510 4 |a Trumbull, J.H. Connecticut (suppl.),  |c 2115 
530 |a Microform version available in the Readex Early American Imprints series. 
533 |a Electronic text and image data.  |b [Chester, Vt. :  |c Readex, a division of Newsbank, Inc.,  |d 2002-2004.  |e Includes files in TIFF, GIF and PDF formats with inclusion of keyword searchable text.  |f (Early American imprints. First series ; no. 18459). 
533 |a Electronic text and image data.  |b [Chester, Vt. :  |c Readex, a division of Newsbank, Inc.,  |d 2002-2004.  |e Includes files in TIFF, GIF and PDF formats with inclusion of keyword searchable text.  |f (Early American imprints. First series ; no. 22487). 
500 |a Electronic resource. 
650 0 |a Aphorisms and apothegms. 
700 1 |a Lewis, John,  |e translator. 
752 |a United States  |b Connecticut  |d Hartford. 
830 0 |a Early American imprints.  |n Series I,  |p Evans (1639-1800) ;  |v no. 18459. 
830 0 |a Early American imprints.  |n Series I,  |p Evans (1639-1800) ;  |v no. 22487. 
856 4 1 |u http://proxy.library.tamu.edu/login?url=https://opac.newsbank.com/select/evans/18459  |y Evans Digital Edition  |t 0 
856 4 1 |u http://proxy.library.tamu.edu/login?url=https://opac.newsbank.com/select/evans/22487  |y Evans Digital Edition  |t 0 
999 |a MARS 
999 f f |s 6a467dee-f7bc-3cb1-b61e-70d17968be9e  |i 9fc01a0f-a1c2-357d-af60-d090c4e46f84  |t 0 
952 f f |a Texas A&M University  |b College Station  |c Electronic Resources  |s www_evans  |d Available Online  |t 0  |h No information provided 
998 f f |t 0  |l Available Online